De arte rhetorica libri quinque, lectissimo veterum scriptorum aetatis aureae, perpetuis que exemplis illustrati (Record no. 8492)

MARC details
000 -CABECERA
campo de control de longitud fija 00891nam a2200217 a 4500
001 - NÚMERO DE CONTROL
campo de control BRCA_8841
005 - FECHA Y HORA DE LA ÚLTIMA TRANSACCIÓN
campo de control 20190320210431.0
008 - DATOS DE LONGITUD FIJA--INFORMACIÓN GENERAL
campo de control de longitud fija 120517s--------sp-#######---#000-0blat-#
041 ## - CÓDIGO DE LENGUA
Código de lengua del texto/banda sonora o título independiente lat
044 ## - CÓDIGO DEL PAÍS DE LA ENTIDAD EDITORA/PRODUCTORA
Código MARC del país sp
084 ## - OTRO NÚMERO DE CLASIFICACIÓN
Número de clasificación BE222
Número de documento/Ítem .C65
100 1# - ENTRADA PRINCIPAL--NOMBRE DE PERSONA
Nombre de persona Colonia, Dominico de
9 (RLIN) 22026
245 10 - MENCIÓN DE TÍTULO
Título De arte rhetorica libri quinque, lectissimo veterum scriptorum aetatis aureae, perpetuis que exemplis illustrati
Mención de responsabilidad, etc. auctore Dominico de Colonia; accesse in bac novissima editione institutiones poeticae; audore Josepho Juvencyo.
260 ## - PUBLICACIÓN, DISTRIBUCIÓN, ETC.
Lugar de publicación, distribución, etc. Matriti
Nombre del editor, distribuidor, etc. in Regla Typographia, vulgo de la Gazeta
Fecha de publicación, distribución, etc. 1773
300 ## - DESCRIPCIÓN FÍSICA
Extensión 356 p.
Dimensiones 14.2 x 7.5 cm.
500 ## - NOTA GENERAL
Nota general Superiorum permissu
500 ## - NOTA GENERAL
Nota general Estado físico: Presenta encuadernación en pergamino deteriorado, con presencia del pez de plata y carece de cintas
650 14 - PUNTO DE ACCESO ADICIONAL DE MATERIA--TÉRMINO DE MATERIA
Término de materia o nombre geográfico como elemento de entrada Retórica
Subdivisión cronológica Obras anteriores a 1800
9 (RLIN) 21739
902 ## - CATALOGADOR
Iniciales CFM
942 ## - ELEMENTOS DE PUNTO DE ACCESO ADICIONAL (KOHA)
Fuente del sistema de clasificación o colocación Library of Congress Classification
Tipo de ítem Koha Libros
Holdings
Estado de retiro Estado de pérdida Estado dañado No para préstamo Localización permanente Ubicación/localización actual Fecha de adquisición Total de préstamos Signatura topográfica completa Código de barras Fecha visto por última vez Precio válido a partir de Tipo de ítem Koha
El ejemplar forma parte de la colección y puede ser consultado según las políticas vigentes.       Biblioteca del Museo Franz Mayer (Rogerio Casas-Alatriste) Biblioteca del Museo Franz Mayer (Rogerio Casas-Alatriste) 12/05/2017   BE222 .C65 CFM00168 22/03/2019 22/03/2019 Libros